000 00414nam a2200157 i 4500
001 83944
003 ES-MaACL
005 20230906174923.0
007 t|
008 041118s1924 cu ||||1| spa d
100 1 _aIraizoz, Antonio.
_965408
245 1 0 _aLecturas cubanas /
_cpor Antonio Iraizoz y de Villar.
260 _aLa Habana :
_bPrado,
_c1924.
300 _a245 p. ;
_c20 cm.
852 _aES-MaACL
_jF-5967
999 _c83944
_d83944